LEADER 01133nam a2200253 i 4500 001 991003324529707536 008 170206r19731933us 000 0 uga d 035 $ab14316092-39ule_inst 040 $aDip. di Studi Umanistici$bita 082 0 $a938 100 1 $aOllier, François$0391743 245 13$aLe mirage spartiate :$bétude sur l'idéalisation de Sparte dans l'antiquité grecque de l'origine jusqu'aux cyniques et étude sur l'idéalisation de Sparte dans l'antiquité grecque du début de l'école cynique jusqu'à la fin de la cité/$cF. Ollier 264 1$aNew York :$bArno Press,$c1973 300 $a220 p. ;$c23 cm 490 0 $aGreek history 500 $aRipr. dell'ed.: Paris : E. de Boccard, 1933 504 $aContiene riferimenti bibliografici 650 4$aSparta antica 907 $a.b14316092$b06-02-17$c06-02-17 912 $a991003324529707536 945 $aLE007 Sala C 938 OLL 01.01$g1$i2007000278482$lle007$nLE007 2017 Pregresso$o-$pE0.00$q-$rl$s- $t0$u0$v0$w0$x0$y.i15795767$z06-02-17 996 $aMirage spartiate$9535249 997 $aUNISALENTO 998 $ale007$b06-02-17$cm$da $e-$ffre$git $h3$i0 LEADER 01416nam0 22003011i 450 001 UON00245360 005 20231205103608.362 010 $a88-87300-17-8 100 $a20031031d1999 |0itac50 ba 101 $aita 102 $aIT 105 $a|||| ||||| 200 1 $aTeatri e anfiteatri dell'Italia romana nella tradizione grafica rinascimentale$ecommento archeologico$fGiovanna Tosi 210 $aPadova$cImprimitur$dc1999 215 $a191 p., 158 p. di tav.$cill.$d24 cm 316 $aUNIVERSITA' DI PADOVA Facoltà di Lettere e Filosofia$5IT-UONSI H190 606 $aAnfiteatri romani$xItalia$xDisegni$xSec. 15.-16.$3UONC054336$2FI 606 $aTEATRI ROMANI$xItalia$xDisegni$xSec. 15.- 16.$3UONC054337$2FI 620 $aIT$dPadova$3UONL000153 676 $a741.923$cRACCOLTE DI DISEGNI. 1400-1799$v21 700 1$aTOSI$bGianna$3UONV076357$0200378 712 $aImprimitur$3UONV260204$4650 801 $aIT$bSOL$c20260313$gRICA 899 $aSIBA - SISTEMA BIBLIOTECARIO DI ATENEO E ARCHIVIO STORICO$2UONSI 912 $aUON00245360 950 $aSIBA - SISTEMA BIBLIOTECARIO DI ATENEO E ARCHIVIO STORICO$dSI H 190 $eSI MC 28411 5 UNIVERSITA' DI PADOVA Facoltà di Lettere e Filosofia 996 $aTeatri e anfiteatri dell'Italia romana nella tradizione grafica rinascimentale$91236090 997 $aUNIOR